<?xml version="1.0" encoding="UTF-8"?>
<record
    xmlns:xsi="http://www.w3.org/2001/XMLSchema-instance"
    xsi:schemaLocation="http://www.loc.gov/MARC21/slim http://www.loc.gov/standards/marcxml/schema/MARC21slim.xsd"
    xmlns="http://www.loc.gov/MARC21/slim">

  <leader>01164nam a22001697a 4500</leader>
  <controlfield tag="008">160120b        xxu||||| |||| 00| 0 eng d</controlfield>
  <datafield tag="020" ind1=" " ind2=" ">
    <subfield code="a">9789930949863</subfield>
  </datafield>
  <datafield tag="082" ind1=" " ind2=" ">
    <subfield code="a">708</subfield>
    <subfield code="b">A524a</subfield>
  </datafield>
  <datafield tag="100" ind1=" " ind2=" ">
    <subfield code="a">Amorales, Carlos; Benchoam, Stefan</subfield>
    <subfield code="9">4466</subfield>
  </datafield>
  <datafield tag="245" ind1=" " ind2=" ">
    <subfield code="a">Anti  Tropicalia</subfield>
    <subfield code="c">Carlos Amorales; Stefan Benchoam </subfield>
  </datafield>
  <datafield tag="260" ind1=" " ind2=" ">
    <subfield code="a">San Jos&#xE9;, Costa Rica </subfield>
    <subfield code="b">Museo de Arte y Dise&#xF1;o Contempor&#xE1;neo </subfield>
    <subfield code="c">2015</subfield>
  </datafield>
  <datafield tag="300" ind1=" " ind2=" ">
    <subfield code="a">108 p</subfield>
    <subfield code="b">ill.</subfield>
    <subfield code="c">24 cm</subfield>
  </datafield>
  <datafield tag="505" ind1=" " ind2=" ">
    <subfield code="t">Introduccion: Antitropicalia</subfield>
    <subfield code="t">&#xBF;Tropicalia o Anti tropicalia?  Conversaciones con Stefan Benchoam y Carlos Amorales </subfield>
    <subfield code="t">Habana Suite / Set de dibujos </subfield>
    <subfield code="t">Composici&#xF3;n para un peque&#xF1;o g&#xFC;iro de grafito</subfield>
    <subfield code="r">Luis Alberto  Mari&#xF1;o  Fern&#xE1;ndez </subfield>
    <subfield code="t">Notaciones para el uso de tipograf&#xED;as/  Set de dibujos </subfield>
    <subfield code="t">Fax Mantra/  Set de dibujos </subfield>
    <subfield code="t">Fantas&#xED;a de Joaquin Orellana</subfield>
    <subfield code="r"> Texto por Carlos Amorales </subfield>
    <subfield code="t">Antitropicalia  Vistas de  instalaci&#xF3;n (MADC)</subfield>
    <subfield code="t">Fantas&#xED;a de Orellana </subfield>
    <subfield code="t">Aprendiz del Brujo </subfield>
    <subfield code="t">Erased Symphony </subfield>
    <subfield code="t">Psicofon&#xED;as</subfield>
    <subfield code="t">Carlos Amorales </subfield>
    <subfield code="t">Joaquin Orellana </subfield>
    <subfield code="t">Luis Alberto Mari&#xF1;o Fernandez </subfield>
    <subfield code="t">Colof&#xF3;n </subfield>
  </datafield>
  <datafield tag="650" ind1=" " ind2=" ">
    <subfield code="a">Arte Contempor&#xE1;neo </subfield>
    <subfield code="v">Exhibiciones - MADC</subfield>
    <subfield code="y">Artistas </subfield>
    <subfield code="9">4467</subfield>
  </datafield>
  <datafield tag="700" ind1=" " ind2=" ">
    <subfield code="a">Stefam Benchoam </subfield>
    <subfield code="9">4468</subfield>
  </datafield>
  <datafield tag="700" ind1=" " ind2=" ">
    <subfield code="a">Carlos Amorales </subfield>
    <subfield code="9">4469</subfield>
  </datafield>
  <datafield tag="999" ind1=" " ind2=" ">
    <subfield code="c">822</subfield>
    <subfield code="d">822</subfield>
  </datafield>
  <datafield tag="952" ind1=" " ind2=" ">
    <subfield code="0">0</subfield>
    <subfield code="1">0</subfield>
    <subfield code="2">ddc</subfield>
    <subfield code="4">0</subfield>
    <subfield code="7">0</subfield>
    <subfield code="a">LV</subfield>
    <subfield code="b">LV</subfield>
    <subfield code="c">Monograf&#xED;as</subfield>
    <subfield code="d">2016-01-20</subfield>
    <subfield code="l">0</subfield>
    <subfield code="o">708 A524a</subfield>
    <subfield code="p">004138</subfield>
    <subfield code="r">2016-01-20 00:00:00</subfield>
    <subfield code="w">2016-01-20</subfield>
    <subfield code="y">01</subfield>
  </datafield>
</record>
